00523nam a2200133Ia 4500008004100000020002200041100001700063245013100080260004600211300005700257500002000314650002900334650002600363200110s9999 xx 000 0 und d a978-981-4626-28-6 aUlrich, Dave cJon Younger, Wayne Brockbank, Mike Ulrich.--aHR from the outside in:bSix competencies for the future of the human resource / aPhilippines:bMcGraw-Hill Educationc2012 av, 318 pagesbblack and white illustrationsc23 cm.  aIncludes index. aBusiness and Management. aPersonnel management.